000 00400nam a22001577a 4500
003 OSt
020 _a9780071117911
082 _a658.81
_bFUT/FU
100 _aFutrell, Charles M
245 _aFundamentals of selling:customer for life through service
250 _a9
260 _aNewyork
_bMcgraw hill education
_c2006
300 _a658p.
650 _aRelationship marketing
942 _2ddc
_cREF
999 _c178091
_d178091